<?xml version="1.0" encoding="UTF-8"?><?xml-stylesheet type="text/xsl" href="static/style.xsl"?><OAI-PMH xmlns="http://www.openarchives.org/OAI/2.0/" xmlns:xsi="http://www.w3.org/2001/XMLSchema-instance" xsi:schemaLocation="http://www.openarchives.org/OAI/2.0/ http://www.openarchives.org/OAI/2.0/OAI-PMH.xsd"><responseDate>2026-04-17T18:48:01Z</responseDate><request verb="GetRecord" identifier="oai:www.recercat.cat:2117/86400" metadataPrefix="marc">https://recercat.cat/oai/request</request><GetRecord><record><header><identifier>oai:recercat.cat:2117/86400</identifier><datestamp>2025-07-23T04:27:35Z</datestamp><setSpec>com_2072_1033</setSpec><setSpec>col_2072_452951</setSpec></header><metadata><record xmlns="http://www.loc.gov/MARC21/slim" xmlns:dcterms="http://purl.org/dc/terms/" xmlns:xsi="http://www.w3.org/2001/XMLSchema-instance" xmlns:doc="http://www.lyncode.com/xoai" xsi:schemaLocation="http://www.loc.gov/MARC21/slim http://www.loc.gov/standards/marcxml/schema/MARC21slim.xsd">
   <leader>00925njm 22002777a 4500</leader>
   <datafield ind2=" " ind1=" " tag="042">
      <subfield code="a">dc</subfield>
   </datafield>
   <datafield ind2=" " ind1=" " tag="720">
      <subfield code="a">Constans Solé, Nil</subfield>
      <subfield code="e">author</subfield>
   </datafield>
   <datafield ind2=" " ind1=" " tag="260">
      <subfield code="c">2015-11</subfield>
   </datafield>
   <datafield ind2=" " ind1=" " tag="520">
      <subfield code="a">El presente proyecto se centra en la producción y caracterización de mezclas de poli(ácido&#xd;
láctico) modificado mediante un extensor de cadena (REX-PLA) con Acrilonitrilo-Butadieno-&#xd;
Estireno (ABS), usando ABS injertado con ácido anhídrido maleico (ABS-g-MAH) como&#xd;
compatibilizante.&#xd;
La primera etapa de la preparación de las mezclas consiste en la obtención de REX-PLA por&#xd;
extrusión reactiva en una extrusora de doble husillo. Se llevan a cabo acciones de mejora&#xd;
del proceso productivo de REX-PLA mediante el diseño y fabricación de un componente&#xd;
para el sistema de dosificación utilizado en la extrusión reactiva. Una vez obtenido el&#xd;
polímero base de las mezclas, se realiza el estudio de la composición de las formulaciones a&#xd;
preparar en un mezclador interno Brabender.&#xd;
Las mezclas se preparan en una extrusora de doble husillo. Tras el granceado y secado de&#xd;
las mezclas, se obtienen placas de 100 x 100 x 3 mm3 mediante moldeado por inyección. A&#xd;
partir de las placas se preparan probetas y muestras para proceder a realizar la&#xd;
caracterización morfológica, térmica, termo-mecánica y mecánica de los materiales&#xd;
obtenidos.&#xd;
El estudio mediante microscopia electrónica de barrido (SEM) muestra que la morfología de&#xd;
las mezclas es laminar estando orientada transversalmente a la dirección de flujo. La adición&#xd;
del agente compatibilizante en las mezclas muestra tener efecto emulsionante dando lugar a&#xd;
un menor tamaño de las microestructuras observadas. A pesar de la complejidad de la&#xd;
morfología generada se realiza con éxito la identificación de las distintas fases que&#xd;
conforman las mezclas: REX-PLA y ABS-SAN-Butadieno y partículas de Butadieno libre.&#xd;
El estudio térmico de las mezclas no muestra ningún efecto relevante del agente&#xd;
compatibilizante. En cambio, sí que se observa como la fase ABS interacciona en el proceso&#xd;
de cristalización del PLA, provocando una cristalización impedida y como resultado la&#xd;
generación de estructuras cristalinas de menor perfección que las obtenidas en el REX-PLA.&#xd;
El comportamiento termo-mecánico de las probetas es peor al esperado, una mala adhesión&#xd;
entre las fases ABS y REX-PLA apunta a ser la causa del bajo nivel de prestaciones en este&#xd;
sentido.&#xd;
El comportamiento mecánico a flexión no presenta diferencias significativas entre las&#xd;
mezclas, todas presentan tanto una tensión máximo como un módulo elástico a flexión&#xd;
equivalentes.</subfield>
   </datafield>
   <datafield tag="653" ind2=" " ind1=" ">
      <subfield code="a">Àrees temàtiques de la UPC::Enginyeria dels materials</subfield>
   </datafield>
   <datafield tag="653" ind2=" " ind1=" ">
      <subfield code="a">Polylactic acid</subfield>
   </datafield>
   <datafield tag="653" ind2=" " ind1=" ">
      <subfield code="a">Biopolymers</subfield>
   </datafield>
   <datafield tag="653" ind2=" " ind1=" ">
      <subfield code="a">Àcid polilàctic</subfield>
   </datafield>
   <datafield tag="653" ind2=" " ind1=" ">
      <subfield code="a">Biopolímers</subfield>
   </datafield>
   <datafield ind2="0" ind1="0" tag="245">
      <subfield code="a">Preparación y caracterización de mezclas REX-PLA / ABS</subfield>
   </datafield>
</record></metadata></record></GetRecord></OAI-PMH>